000 00814nam0a22002291 4500
001 v19\rc\2015569
005 20260406175159.0
035 _a(NLR Aleph) 005096682
090 _a7351227
_c7351227
100 _a20080925d1909 |||y0rusy50 ca
101 0 _arus
102 _aRU
105 _ay z |||||
200 1 _aУстав Харьковского общества взаимного вспоможения на случай смерти
_e[Утв. 10 авг. 1901 г.]
210 _aХарьков
_d1909
215 _a31 с.
710 0 2 _aХарьковское общество взаимного вспоможения на случай смерти
_3RU\NLR\AUTH\889943398
_9381942
801 0 _aRU
_bNLR
_gpsbo
801 1 _aRU
_bProSoft-M
_2rusmarc
852 _aNLR
_j34.48.8.1150
942 _cBOOK
980 _aNB